Андрей Сахаров. Наука и Свобода

Bibliografiske detaljer
Hovedforfatter: Горелик Г. Геннадий
Summary:Эта книга — первая биография "отца советской водородной бомбы" и первого русского лауреата Нобелевской премии мира. В ее основе — уникальные, рассекреченные недавно архивные документы и около пятидесяти интервью историка науки Геннадия Горелика с людьми, лично знавшими А.Д. Сахарова еще студентом, затем — выдающимся физиком и, наконец, опальным правозащитником.
Sprog:russisk
Udgivet: Москва, Вагриус, 2004
Fag:
Format: Bog
KOHA link:https://koha.lib.tpu.ru/cgi-bin/koha/opac-detail.pl?biblionumber=379372

MARC

LEADER 00000nam0a2200000 4500
001 379372
005 20231206161855.0
010 |a 5-475-00017-4 
035 |a (RuTPU)RU\TPU\retro\36839 
035 |a RU\TPU\book\27183 
090 |a 379372 
100 |a 20230928d2004 k||y0rusy50 ca 
101 0 |a rus  |c rus 
102 |a RU 
105 |a a z 001yb 
181 0 |a i   |b  e  
182 0 |a n 
183 0 |a nc  |2 RDAcarrier 
200 1 |a Андрей Сахаров. Наука и Свобода  |f Геннадий Горелик 
203 |a Текст  |b визуальный  |c непосредственный 
210 |a Москва  |c Вагриус  |d 2004 
215 |a 608 с.  |c ил. 
283 |a volume  |2 RDAcarrier 
320 |a Примечание: с. 578-605  
330 |a Эта книга — первая биография "отца советской водородной бомбы" и первого русского лауреата Нобелевской премии мира. В ее основе — уникальные, рассекреченные недавно архивные документы и около пятидесяти интервью историка науки Геннадия Горелика с людьми, лично знавшими А.Д. Сахарова еще студентом, затем — выдающимся физиком и, наконец, опальным правозащитником. 
600 1 |a Сахаров  |g Андрей Дмитриевич  |b А. Д.  |c российский физик-теоретик  |c общественный деятель  |c академик АН СССР  |f 1921 - 1989  |2 stltpui  |3 (RuTPU)RU\TPU\pers\1087 
606 1 |a Наука  |x История  |y Россия  |x Персоналии  |2 stltpush  |3 (RuTPU)RU\TPU\subj\45078 
606 1 |a Физика  |2 stltpush  |3 (RuTPU)RU\TPU\subj\63709  |9 80688 
610 1 |a наука 
610 1 |a физика 
610 1 |a история 
610 1 |a Россия 
610 1 |a ядерная физика 
610 1 |a атомный проект 
610 1 |a персоналии 
610 1 |a биографии 
675 |a 53(092)  |v 4  |z rus 
686 |a Ч213(2)д  |2 rubbk 
700 1 |a Горелик  |b Г.  |g Геннадий  |4 070 
801 0 |a RU  |b 63413507  |c 20011209  |g PSBO 
801 2 |a RU  |b 63413507  |c 20230928  |g PSBO 
942 |c BK